| 000 | 00807nam a22002417a 4500 | ||
|---|---|---|---|
| 005 | 20170124110204.0 | ||
| 010 | _aB-045911 | ||
| 020 |
_c00.00 _a0074638416 |
||
| 035 | _aB-045911 | ||
| 037 | _bCen Lib/Ret | ||
| 040 |
_aDPL _bEN |
||
| 082 |
_a004.7 _bRAY |
||
| 100 |
_aRay, Ajoy Kumar _936780 |
||
| 245 |
_aAdvanced microprocessors and peripherals : _cby Ajoy Kumar Ray [and] Kishor M. Bhurchandi _barchitecture, programming and interfacing / |
||
| 260 |
_aNew Delhi _bTata McGraw-Hill _c2000 |
||
| 270 |
_a7 West Patel Nagar _bNew Delhi _e110008 |
||
| 300 |
_axvi,666p. : _c24cm (Hb) _b1ll. |
||
| 500 | _aIncludes index | ||
| 650 |
_aMicroprocessors _936781 |
||
| 650 |
_aComputer architecture _921262 |
||
| 700 |
_aBhurchandi, Kishor M. _936782 |
||
| 942 |
_2ddc _cEN _h004.7 _mRAY |
||
| 999 |
_c133090 _d133090 |
||